Normal view
MARC view
- الرياضيات
Entry Topical Term
001 - CONTROL NUMBER
- control field: 60075
003 - CONTROL NUMBER IDENTIFIER
- control field: JO-AjAnu
005 - DATE AND TIME OF LATEST TRANSACTION
- control field: 20230606083823.0
008 - FIXED-LENGTH DATA ELEMENTS
- fixed length control field: 230606|| aca||aabn | a|a d
040 ## - CATALOGING SOURCE
- Original cataloging agency: JO-AjAnu
- Transcribing agency: JO-AjAnu
150 ## - HEADING--TOPICAL TERM
- Topical term or geographic name entry element: الرياضيات
670 ## - SOURCE DATA FOUND
- Source citation: Work cat.: (JO-AjAnu)30636: عبدي، حسام محمد, author 60074, الكامل في الرياضيات المستوى الاول: المتتاليات والمتسلسلات، الاقترانات الاسية واللوغاريتمية، البرمجة الخطية